| 000 | 00785cam a22002654a 4500 | ||
|---|---|---|---|
| 003 | UPN | ||
| 005 | 20240320063708.0 | ||
| 008 | 090211s2003 es r 000 f spa d | ||
| 020 | _a8420655406 | ||
| 035 | _aUPN01000169181 | ||
| 040 |
_aUPN _bspa _cUPN |
||
| 049 | _aCG | ||
| 050 | 4 |
_aPS3523 O4.6 _bA8.4 |
|
| 100 | 1 |
_aLondon, Jack, _d1876-1916 _929024 |
|
| 245 | 1 | 0 |
_aAsesinatos, S. L. / _cJack London ; tr. Carmen Criado. |
| 250 | _aPrimera edición | ||
| 260 |
_aMadrid : _bAlianza, _c2003. |
||
| 300 | _a199 p. | ||
| 490 | 0 | _aLibro de bolsillo ; Biblioteca temática juvenil | |
| 534 |
_pTraducción de: _tThe assassination Bureau Ltd |
||
| 650 | 4 |
_aNovela estadounidense _94462 |
|
| 650 | 2 |
_aNovela policiaca y de misterio _98409 |
|
| 905 | _aLibro | ||
| 942 |
_2lcc _cLIBRO |
||
| 999 |
_c141287 _d141287 |
||